La investigación sobre formación del profesorado: métodos de investigación y análisis de datos
محفوظ في:
| المؤلف الرئيسي: | |
|---|---|
| التنسيق: | كتاب |
| اللغة: | الإسبانية |
| منشور في: |
Bogotá
Cincel
1992
|
| سلاسل: | Investigación y Formación del Pofesorado, 3
|
| الموضوعات: | |
| الوسوم: |
إضافة وسم
لا توجد وسوم, كن أول من يضع وسما على هذه التسجيلة!
|
MARC
| LEADER | 00000nam a2200000 a 4500 | ||
|---|---|---|---|
| 001 | UCL0869 | ||
| 003 | CL-VaPUC | ||
| 008 | 030825e19920000ck |||||||||||||||||spa|d | ||
| 020 | |a 8470464868 | ||
| 082 | 0 | 4 | |a 371.1 |b MAR |2 21 |
| 100 | |a Marcelo García, Carlos |e autor |9 585661 | ||
| 245 | 1 | 3 | |a La investigación sobre formación del profesorado: métodos de investigación y análisis de datos |
| 300 | |a 257 p | ||
| 942 | |c BK | ||
| 945 | |d 20030825 00:00:00 |a cmena | ||
| 260 | |a Bogotá |b Cincel |c 1992 | ||
| 650 | 0 | |a Formación profesional de profesores |9 307493 | |
| 650 | 0 | |a Investigación educacional |9 261192 | |
| 650 | 0 | |a Calidad de la educación |9 307271 | |
| 583 | |a last modification |c 20130822 02:53:24 |k Rodrigo Vera | ||
| 490 | 0 | |a Investigación y Formación del Pofesorado, 3 | |
| 999 | |c 304595 |d 304593 | ||
| 952 | |0 0 |1 0 |4 0 |6 371_100000000000000_MAR_1992 |7 0 |8 A |9 367049 |a BIBEDU |b BIBEDU |d 2019-11-21 |i 3932400 |o 371.1 MAR 1992 |p 3932400 |r 2019-11-21 |w 2019-11-21 |y BK |k EPE | ||